| 000 | 00633nam a2200205 a 4500 | ||
|---|---|---|---|
| 001 | 9482 | ||
| 005 | 20180713193458.0 | ||
| 008 | 140415s1992 sp 000 0 spa d | ||
| 041 | _aspa | ||
| 082 |
_a658.8 _bBAR |
||
| 100 | 1 | _aBARABBA, VICENT P. | |
| 245 | 1 | 3 |
_aLA VOZ DEL MERCADO : _bLA VENTAJA COMPETITIVA ATRAVES DEL USO CREATIVO DE LA... |
| 250 | _a1a ed. | ||
| 260 |
_aESPAÑA : _bMC GRAW HILL INTERAMERICANA DE ESPAÑA, _c1992 |
||
| 300 | _a290 | ||
| 490 | _aMC GRAW HILL DE MANAGEMENT | ||
| 650 | 1 | 4 |
_aMERCADEO _xTOMA DE DECISIONES |
| 700 | 1 |
_aANGSTADT, MICHEL _etr. |
|
| 700 | 1 |
_aZALTMAN, GERALD _ecoaut. |
|
| 999 |
_c9482 _d9482 |
||